000 01340 a2200301 4500
003 Nust
005 20170207154018.0
010 _a 2006275167
020 _a0596101422 (pbk.)
020 _a9780596101428
035 _a(OCoLC)ocm65607011
040 _cNust
082 0 0 _a005.133
100 1 _aFarley, Jim.
245 1 0 _aJava enterprise in a nutshell(E-BOOK)
_cJim Farley and William Crawford ; with Prakash Malani, John G. Norman, and Justin Gehtland.
250 _a3rd ed.
260 _aSebastopol, Calif. :
_bO'Reilly,
_cc2006.
300 _axviii, 871 p. :
_bill. ;
_c23 cm.
490 0 _aIn a nutshell
500 _a"Covers JEEE 1.4"--Cover.
505 0 _aIntroduction (Page-1) Goals and Design Principles (Page-3) Architectural Overview (Page-5The Message Class (Page-13) The Mail Session (Page-25) Message Storage and Retrieval (Page-33) The JavaBeans Activation Framework (Page-41) Message Composition (Page-45) Transport Protocols and Mechanisms (Page-51) Internet Mail (Page-55)
650 0 _aJava (Computer program language)
650 0 _aObject-oriented programming (Computer science)
650 0 _aWeb servers.
651 _aJava enterprise in a nutshell(E-BOOK)
700 1 _aCrawford, William,
_d1978-
856 4 2 _3Publisher description
_uhttp://www.loc.gov/catdir/enhancements/fy0715/2006275167-d.html
942 _2ddc
_cBK
999 _c191513
_d191513